Central Library OPAC University of Rajshahi

Habitat, economy and society : (Record no. 53959)

MARC details
000 -LEADER
fixed length control field 00741nam a2200229 a 4500
001 - CONTROL NUMBER
control field 53959
003 - CONTROL NUMBER IDENTIFIER
rucl marc code BD-RjUL
005 - DATE AND TIME OF LATEST TRANSACTION
control field 20211209080042.0
008 - FIXED-LENGTH DATA ELEMENTS--GENERAL INFORMATION
fixed length control field 161030s1963 enkab 000 0 eng
035 ## - SYSTEM CONTROL NUMBER
System control number (BD-RjUL)54081
040 ## - CATALOGING SOURCE
Original cataloging agency BD-RjUL
Language of cataloging eng
Transcribing agency BD-RjUL
041 ## - LANGUAGE CODE
Language code of text/sound track or separate title eng
082 ## - DEWEY DECIMAL CLASSIFICATION NUMBER
Edition number 23
Classification number 305.8
Author mark and year FOH 1963
100 1# - MAIN ENTRY--PERSONAL NAME
Personal name Forde, Cyril Daryll,
Dates associated with a name 1902-
9 (RLIN) 161122
245 10 - TITLE STATEMENT
Title Habitat, economy and society :
Remainder of title a geographical introduction to ethnology /
Statement of responsibility, etc. C. Daryll Forde.
260 ## - PUBLICATION, DISTRIBUTION, ETC. (IMPRINT)
Place of publication, distribution, etc. London :
Name of publisher, distributor, etc. Methuen & Co. Ltd.,
Date of publication, distribution, etc. 1934 [ Reprinted 1963]
300 ## - PHYSICAL DESCRIPTION
Pagination xv, 500 p. :
Illustrations ill. ;
Size 22 cm.
504 ## - BIBLIOGRAPHY, ETC. NOTE
Bibliography, etc Includes bibliographical References and index.
650 #0 - SUBJECT ADDED ENTRY--TOPICAL TERM
Topical term or geographic name as entry element Ethnology
9 (RLIN) 161124
Topical term or geographic name as entry element Primitive societies
9 (RLIN) 124273
942 ## - ADDED ENTRY ELEMENTS (KOHA)
Source of classification or shelving scheme Dewey Decimal Classification
Koha item type Books
Holdings
Lost status Source of classification or shelving scheme Damaged status Not for loan Collection code Permanent Location Current Location Shelving location Date acquired Source of acquisition Cost, normal purchase price Total Checkouts Full call number Date last seen Copy number Koha item type
  Dewey Decimal Classification     Non-fiction Central Library, University of Rajshahi Central Library, University of Rajshahi   22/11/1965 Zeitlinger 30.00   305.8 FOH 1963 30/10/2016 C-2 Books
  Dewey Decimal Classification   Not For Loan Non-fiction Central Library, University of Rajshahi Central Library, University of Rajshahi Reading Room 01/02/1973 Britain     305.8 FOH 1971 17/04/2017 C-1 Books
  Dewey Decimal Classification     Non-fiction Central Library, University of Rajshahi Central Library, University of Rajshahi   01/02/1973 Zeitlinger     305.8 FOH 1971 20/05/2017 C-3 Books
  Dewey Decimal Classification     Non-fiction Central Library, University of Rajshahi Central Library, University of Rajshahi   22/11/1965 Zeitlinger 30.00   305.8 FOH 1963 04/06/2017 C-8 Books
  Dewey Decimal Classification     Non-fiction Central Library, University of Rajshahi Central Library, University of Rajshahi   22/11/1965 Zeitlinger 30.00   305.8 FOH 1963 04/06/2017 C-7 Books
  Dewey Decimal Classification     Non-fiction Central Library, University of Rajshahi Central Library, University of Rajshahi   22/11/1965 Zeitlinger 30.00   305.8 FOH 1963 04/06/2017 C-6 Books
  Dewey Decimal Classification     Non-fiction Central Library, University of Rajshahi Central Library, University of Rajshahi   22/11/1965 Zeitlinger 30.00   305.8 FOH 1963 04/06/2017 C-5 Books
  Dewey Decimal Classification     Non-fiction Central Library, University of Rajshahi Central Library, University of Rajshahi   22/11/1965 Zeitlinger 30.00   305.8 FOH 1963 04/06/2017 C-4 Books
  Dewey Decimal Classification     Non-fiction Central Library, University of Rajshahi Central Library, University of Rajshahi   08/09/1960 Mirza book Agency 18.00   305.8 FOH 1963 31/01/2019 C-9 Books
  Dewey Decimal Classification     Non-fiction Central Library, University of Rajshahi Central Library, University of Rajshahi   05/02/2019 Zeitlinger 30.00   305.8 FOH 1963 05/02/2019 C-10 Books